[Event ""]
[Site ""]
[Date "????.??.??"]
[Round "4"]
[White "Ìèðçàíóðîâ Áóëàò"]
[Black "Çàñûïêèí Àëåêñåé"]
[Result "1-0"]
[WhiteElo "2321"]
[BlackElo "2195"]
[Annotator ""]
[Source ""]
[Remark ""]

1.d4 Nf6 2.c4 g6 3.Nc3 Bg7 4.e4 O-O 5.Nf3 d6 6.Be2 e5 7.O-O Nc6
8.d5 Ne7 9.Nd2 Nd7 10.b4 f5 11.a4 a5 12.bxa5 fxe4 13.Ndxe4 Nf5
14.Ba3 Qe7 15.Nb5 Nf6 16.Bd3 Rxa5 17.Re1 Nxe4 18.Bxe4 Nd4 19.Nxd4
exd4 20.Qd2 Ra8 21.Bxg6 Qh4 22.Bd3 Rxa4 23.Bb2 Rxa1 24.Bxa1 Be5
25.g3 Qg4 26.Re4 Qg7 27.Rh4 h6 28.Bf1 Bf6 29.Bxd4 Bxd4 30.Qxd4
Qxd4 31.Rxd4 Rf3 32.Rh4 Kg7 33.Kg2 Rc3 34.Rf4 Kg6 35.h3 b5 36.cxb5
Bb7 37.Rd4 Rc5 38.Bd3+ Kf6 39.Rf4+ Kg7 40.Rg4+ Kf7 41.Rd4 Kf6
42.Be4 Rxb5 43.Rc4 Rc5 44.Rxc5 dxc5 45.Kf3 Bc8 46.g4 Kg5 47.Kg3
Bd7 48.f4+ Kf6 49.h4 Bc8 50.g5+ Kg7 51.f5 hxg5 52.hxg5 c4 53.Kf4
Bd7 54.Ke5 1-0

[Event ""]
[Site ""]
[Date "????.??.??"]
[Round "4"]
[White "Ãîðäèåâñêèé Äìèòðèé"]
[Black "Áåëèêîâ Þðèé"]
[Result "0-1"]
[WhiteElo "2201"]
[BlackElo "2290"]
[Annotator ""]
[Source ""]
[Remark ""]

1.d4 Nf6 2.c4 g6 3.g3 Bg7 4.Bg2 O-O 5.Nc3 d6 6.Nf3 Nbd7 7.O-O
c5 8.h3 a6 9.e4 cxd4 10.Nxd4 Ne5 11.b3 Bd7 12.Bb2 Rb8 13.Re1
Qb6 14.Rb1 Nc6 15.Nxc6 Bxc6 16.Nd5 Bxd5 17.exd5 Rfe8 18.Be4 Qc7
19.Qd3 Nd7 20.Bxg7 Kxg7 21.Rbc1 Kg8 22.Rc2 Qc5 23.Kh2 Ne5 24.Qd2
Rbc8 25.f4 Nd7 26.Bf3 Rc7 27.Rec1 a5 28.Qd3 Qb4 29.h4 a4 30.bxa4
Ra8 31.h5 Rxa4 32.hxg6 hxg6 33.Kg2 Nf6 34.Qd4 Qc5 35.Qb2 Qb4
36.Qd4 Qc5 37.Qb2 b6 38.Qc3 Rca7 39.Qd2 Qa5 40.Qxa5 R4xa5 41.Ra1
Rc5 42.Rb1 Nd7 43.Rbb2 Rac7 44.Be2 b5 45.Bd3 bxc4 46.Be4 Nf6
47.Kf3 Nxd5 48.Bxd5 Rxd5 49.Rb4 Rd3+ 50.Ke4 f5# 0-1

[Event ""]
[Site ""]
[Date "????.??.??"]
[Round "4"]
[White "Êàìîâ Èãîðü"]
[Black "Êîçûðåâ Ñåðãåé"]
[Result "1/2-1/2"]
[WhiteElo "2253"]
[BlackElo "2135"]
[Annotator ""]
[Source ""]
[Remark ""]

1.d4 d5 2.c4 c6 3.Nf3 Nf6 4.e3 e6 5.Bd3 Be7 6.O-O O-O 7.Nc3 b6
8.e4 dxe4 9.Nxe4 Bb7 10.Qe2 Nbd7 11.b3 Rc8 12.Bb2 c5 13.Rad1
Nxe4 14.Bxe4 Bxe4 15.Qxe4 Nf6 16.Qe2 cxd4 17.Nxd4 Qc7 18.Nb5
Qb7 19.Bxf6 gxf6 20.Nd6 Bxd6 21.Rxd6 Rfd8 22.Rd3 Rxd3 23.Qxd3
Qc7 24.Rd1 Kg7 25.Qd7 Qxd7 26.Rxd7 b5 27.Rxa7 bxc4 28.bxc4 Rxc4
29.g3 f5 30.f4 1/2-1/2

[Event ""]
[Site ""]
[Date "????.??.??"]
[Round "4"]
[White "Ñàäûêîâ Ðóñòåì"]
[Black "Ïðîñâèðíèí Ëåâ"]
[Result "0-1"]
[WhiteElo "2121"]
[BlackElo "2241"]
[Annotator ""]
[Source ""]
[Remark ""]

1.d4 d5 2.c4 c6 3.Nf3 Nf6 4.Nc3 a6 5.cxd5 cxd5 6.Bf4 Nc6 7.e3
e6 8.Be2 Be7 9.O-O O-O 10.h3 Bd7 11.a3 Rc8 12.Na4 Ne4 13.Rc1
b5 14.Nc5 Nxc5 15.dxc5 f6 16.b4 Be8 17.Nd4 Qd7 18.Bg4 Bf7 19.e4
Rcd8 20.e5 Nxe5 21.c6 Qc8 22.c7 Rde8 23.Nc6 Bd6 24.Na7 Qb7 25.c8Q
Rxc8 26.Nxc8 Rxc8 27.Rxc8+ Qxc8 28.Qc1 Qd7 29.Rd1 f5 30.Be2 h6
31.Qc3 Ng6 32.Bxd6 Qxd6 33.Qc8+ Kh7 34.Bh5 Ne7 35.Qb7 Bxh5 36.Rc1
Ng6 37.Qc6 Qe5 38.Qd7 Nf4 39.Qc7 Qe4 40.f3 Qe3+ 41.Kh2 Ne2 42.Rf1
Qf4+ 43.Qxf4 Nxf4 44.Re1 Bf7 45.g3 Nd3 46.Re3 Nb2 47.f4 Nc4 48.Rd3
Kg6 49.Kg2 Kf6 50.Kf2 e5 51.fxe5+ Kxe5 52.Rd1 Be6 53.Kf3 g5 54.Re1+
Kd6 55.Rd1 Bd7 56.h4 Bc6 57.Kf2 Nxa3 58.Ra1 Nc2 59.Rxa6 Nxb4
60.Ra7 Nd3+ 0-1

[Event ""]
[Site ""]
[Date "????.??.??"]
[Round "4"]
[White "Èëþøêèí Åâãåíèé"]
[Black "Êîíîâàëîâ Âÿ÷åñëàâ"]
[Result "1-0"]
[WhiteElo "2351"]
[BlackElo "2068"]
[Annotator ""]
[Source ""]
[Remark ""]

1.d4 Nf6 2.Nf3 e6 3.c4 Bb4+ 4.Nbd2 c5 5.e3 O-O 6.Be2 d5 7.O-O
cxd4 8.exd4 Nc6 9.Nb3 dxc4 10.Bxc4 Nd5 11.a3 Be7 12.Bd2 b6 13.Qe2
Bf6 14.Rfe1 Nce7 15.Ne5 Ng6 16.g3 Bb7 17.Ba6 Qe7 18.Rac1 Rac8
19.f4 Rfd8 20.Rxc8 Rxc8 21.Rc1 Rxc1+ 22.Nxc1 Nf8 23.Bxb7 Qxb7
24.Qc4 Ne7 25.Bb4 Qe4 26.Ne2 a5 27.Bxe7 Bxe7 28.Kf2 f6 29.Qc6
Qxc6 30.Nxc6 Kf7 31.Ke3 Nd7 32.Nc3 f5 33.Kd3 g5 34.Nxe7 Kxe7
35.fxg5 Kd6 36.h4 e5 37.Ke3 Nf8 38.dxe5+ Kxe5 39.Ne2 Ne6 40.Nf4 1-0

[Event ""]
[Site ""]
[Date "????.??.??"]
[Round "4"]
[White "Øèòîâ ßðîñëàâ"]
[Black "Ìàñëîâ Ìèõàèë"]
[Result "0-1"]
[WhiteElo "2130"]
[BlackElo "2325"]
[Annotator ""]
[Source ""]
[Remark ""]

1.e4 c5 2.c3 Nf6 3.e5 Nd5 4.d4 cxd4 5.cxd4 d6 6.Nf3 Nc6 7.Bc4
e6 8.O-O dxe5 9.dxe5 Nb6 10.Qxd8+ Nxd8 11.Bb5+ Bd7 12.Nc3 Bb4
13.Bxd7+ Nxd7 14.Nb5 O-O 15.a3 Be7 16.Rd1 Nb6 17.Be3 Nd5 18.Bxa7
b6 19.Rac1 Nb7 20.Rxd5 exd5 21.Bxb6 Rac8 22.Rd1 Bc5 23.Bxc5 Nxc5
24.Rxd5 Nd3 25.g3 Rc1+ 26.Kg2 Nxb2 27.Rd7 h6 28.Nbd4 Re8 29.Nf5
Nc4 30.Nd6 Rd1 31.Rc7 Nxd6 32.Rd7 Re6 33.Rxd6 Rexd6 34.exd6 Rxd6 0-1

[Event ""]
[Site ""]
[Date "????.??.??"]
[Round "4"]
[White "Äåðÿáèíà Ñâåòëàíà"]
[Black "Îñîáëèâûé Ãðèãîðèé"]
[Result "0-1"]
[WhiteElo "2133"]
[BlackElo "2282"]
[Annotator ""]
[Source ""]
[Remark ""]

1.d4 d5 2.c4 c6 3.Nc3 Nf6 4.Nf3 e6 5.Bg5 h6 6.Bh4 Nbd7 7.e3 Be7
8.Rc1 O-O 9.Bd3 b6 10.cxd5 exd5 11.O-O Re8 12.Bb1 Bb7 13.Qd3
Nf8 14.Ne5 N6d7 15.Nxd7 Qxd7 16.Bg3 Rad8 17.Rfd1 Bf6 18.Ne2 g6
19.Nf4 Ne6 20.Qa3 Ra8 21.Nd3 Ng7 22.Be5 Be7 23.Qc3 Rac8 24.h3
Ne6 25.b4 Ng5 26.a3 Ne4 27.Qe1 Bf8 28.Bf4 Qe6 29.Ne5 Bg7 30.Qe2
c5 31.bxc5 bxc5 32.Bxe4 dxe4 33.Qb5 Ba6 34.Qa5 Qb6 35.Qxb6 axb6
36.Nd7 cxd4 37.Rxc8 Bxc8 38.Nxb6 d3 39.f3 f5 40.Kf2 Be6 41.fxe4
fxe4 42.Rb1 Ba2 43.Rb5 g5 44.Bd6 Rd8 45.Bb4 d2 46.Bxd2 Rxd2+ 0-1

[Event ""]
[Site ""]
[Date "????.??.??"]
[Round "4"]
[White "Ñîêîëîâ Èãîðü"]
[Black "Íîâèöêèé Ëåîíèä"]
[Result "1/2-1/2"]
[WhiteElo "2281"]
[BlackElo "2113"]
[Annotator ""]
[Source ""]
[Remark ""]

1.d4 Nf6 2.c4 g6 3.Nc3 Bg7 4.e4 d6 5.Be2 O-O 6.Bg5 h6 7.Be3 e5
8.d5 Nbd7 9.Qd2 Nc5 10.f3 Nh5 11.O-O-O Nf4 12.g3 Nxe2+ 13.Ngxe2
Kh7 14.h4 f5 15.h5 g5 16.exf5 Bxf5 17.Bxc5 dxc5 18.g4 e4 19.gxf5
exf3 20.Ng3 Be5 21.Qf2 g4 22.Nce4 Qe7 23.Rhe1 Rae8 24.Kb1 Qh4
25.f6 Bxg3 26.Qxg3 Qxg3 27.Nxg3 Rxe1 28.Rxe1 Rxf6 29.Kc2 f2 30.Rf1
Rf3 31.Ne4 g3 32.Nxg3 Rxg3 33.Rxf2 Kg7 34.Re2 Rf3 35.Re7+ Rf7
36.Re6 Rf6 37.Re7+ 1/2-1/2

[Event ""]
[Site ""]
[Date "????.??.??"]
[Round "4"]
[White "Ëàðèíà Ìàðèÿ"]
[Black "Êðàéíîâ Àëåêñåé"]
[Result "0-1"]
[WhiteElo "2102"]
[BlackElo "2273"]
[Annotator ""]
[Source ""]
[Remark ""]

1.e4 c6 2.d4 d5 3.Nc3 g6 4.e5 h5 5.Bd3 Nh6 6.Nf3 Bg4 7.h3 Bxf3
8.Qxf3 e6 9.g4 Ng8 10.Ne2 Qb6 11.c3 c5 12.gxh5 gxh5 13.Nf4 Nd7
14.Bg6 fxg6 15.Nxg6 Rh7 16.Nxf8 Nxf8 17.Rg1 Ne7 18.dxc5 Qxc5
19.Be3 Qc6 20.O-O-O O-O-O 21.Bxa7 Nf5 22.Be3 Nd7 23.Bf4 Rf8 24.Rg5
Qa4 25.Bg3 Nxg3 26.Qxg3 Qf4+ 27.Rd2 Qxg3 28.fxg3 Rh6 29.Rd4 Rf1+
30.Kc2 Re1 31.c4 Nb6 32.cxd5 0-1

[Event ""]
[Site ""]
[Date "????.??.??"]
[Round "4"]
[White "Äåìèäîâ Àëåêñàíäð"]
[Black "Áûêîâ Åâãåíèé"]
[Result "1/2-1/2"]
[WhiteElo "2261"]
[BlackElo "2073"]
[Annotator ""]
[Source ""]
[Remark ""]

1.e4 e5 2.Bc4 Nf6 3.d3 d5 4.exd5 Nxd5 5.Ne2 Be6 6.O-O Bc5 7.d4
exd4 8.Nxd4 Bxd4 9.Qxd4 O-O 10.Rd1 Nc6 11.Qe4 Qf6 12.Nd2 Rad8
13.Bd3 g6 14.Nf3 Bf5 15.Qa4 Bxd3 16.Rxd3 Nb6 17.Qf4 Rxd3 18.cxd3
Qxf4 19.Bxf4 Nd5 20.Bd2 Rd8 21.d4 f6 22.Rc1 a5 23.Rc5 a4 24.a3
g5 25.Be3 Kf7 26.Kf1 h5 27.Ke2 Ke6 28.g3 Rd6 29.Nd2 Nde7 30.Rc4
b5 31.Rc5 Rd5 32.Rc1 Nxd4+ 33.Bxd4 Rxd4 34.Rxc7 Nf5 35.Rc5 Nd6
36.f3 h4 37.Ke3 Rd5 38.Rc6 Kd7 39.Rc2 Nf5+ 40.Kf2 Nd4 41.Rc3
Re5 42.Rd3 hxg3+ 43.hxg3 Rd5 44.Ne4 Ke6 45.Nc3 Rd6 46.Re3+ Kd7
47.Ne4 Nf5 48.Rc3 Rb6 49.g4 Ne7 50.Rd3+ Kc7 51.Ke3 Rc6 52.f4
f5 53.Nxg5 fxg4 54.Ke4 Rc2 55.Rc3+ Rxc3 56.bxc3 Kc6 57.Nf7 g3
58.Kf3 Kc5 59.Kxg3 Nd5 60.Kf3 1/2-1/2

[Event ""]
[Site ""]
[Date "????.??.??"]
[Round "4"]
[White "Õðàìöîâà Åëåíà"]
[Black "Ñàìîéëîâ Àíòîí"]
[Result "0-1"]
[WhiteElo "2071"]
[BlackElo "2258"]
[Annotator ""]
[Source ""]
[Remark ""]

1.e4 c5 2.Nf3 Nc6 3.Nc3 d6 4.d4 cxd4 5.Nxd4 Nf6 6.Be2 g6 7.Be3
Bg7 8.O-O O-O 9.h3 Bd7 10.Qd2 Rc8 11.Kh1 Ne5 12.Bh6 Nc4 13.Bxc4
Rxc4 14.Bxg7 Kxg7 15.Qd3 Rc5 16.Nde2 Qb6 17.Rab1 Rfc8 18.Qe3
Rc4 19.Qxb6 axb6 20.f3 b5 21.a3 b4 22.axb4 Rxb4 23.Rfd1 Rbc4
24.Rd4 b5 25.Rxc4 Rxc4 26.b4 Bc6 27.Rb2 d5 28.exd5 Nxd5 29.Nxd5
Bxd5 30.c3 Rc7 31.f4 h6 32.Kg1 g5 33.Kf2 Bc4 34.fxg5 hxg5 35.Nd4
e5 36.Nf3 f6 37.Rc2 Kf7 38.Nd2 Bd5 39.Nf1 Bb3 40.Rc1 Ke6 41.g4
Kd5 42.Ng3 Ra7 43.Nh5 e4 44.Ke3 Ke5 45.Rf1 Be6 46.Rf2 Rd7 47.Rxf6
Rd3+ 48.Kf2 Rxc3 49.Rg6 e3+ 50.Ke1 Bc4 51.Rxg5+ Ke4 0-1

[Event ""]
[Site ""]
[Date "????.??.??"]
[Round "4"]
[White "Ïóòåíèõèí Îëåã"]
[Black "Öàðóêÿí Ýëèñ"]
[Result "1-0"]
[WhiteElo "2061"]
[BlackElo "2246"]
[Annotator ""]
[Source ""]
[Remark ""]

1.d4 Nf6 2.c4 g6 3.Nc3 Bg7 4.e4 d6 5.Nge2 O-O 6.Ng3 Nbd7 7.Be2
e5 8.d5 a5 9.Bg5 h6 10.Be3 Nc5 11.O-O Qe7 12.Qd2 Kh7 13.f3 Nfd7
14.Nb5 Qd8 15.Bd1 h5 16.Bc2 Nf6 17.Bg5 Qd7 18.b3 Ng8 19.a3 f6
20.Be3 b6 21.b4 Nb7 22.Ne2 Bh6 23.f4 Qg7 24.fxe5 Bxe3+ 25.Qxe3
dxe5 26.c5 bxc5 27.bxc5 Qe7 28.c6 Nd6 29.a4 Ba6 30.Bd3 Nh6 31.Nxd6
Bxd3 32.Qxd3 Qxd6 33.Rfc1 f5 34.Rab1 Rf7 35.h3 Raf8 36.Nc3 Qa3
37.Kh2 Qe7 38.d6 cxd6 39.Nd5 Qh4 40.Kg1 fxe4 41.Qc3 Rf3 42.Qe1
Qg5 43.Rc2 e3 44.c7 Rf1+ 45.Qxf1 Rxf1+ 46.Rxf1 Nf5 47.c8Q e2
48.Rxe2 Qh4 49.Rxf5 gxf5 50.Qxf5+ Kg7 51.Rf2 1-0

[Event ""]
[Site ""]
[Date "????.??.??"]
[Round "4"]
[White "Êîáà Èãîðü"]
[Black "Áðóÿöêàÿ Ìàðèÿ"]
[Result "1-0"]
[WhiteElo "2242"]
[BlackElo "2045"]
[Annotator ""]
[Source ""]
[Remark ""]

1.e4 c6 2.c4 d5 3.cxd5 cxd5 4.exd5 Nf6 5.Qa4+ Bd7 6.Qb3 Qc7 7.Nc3
a6 8.a4 e6 9.Bc4 Bc5 10.dxe6 fxe6 11.Nf3 O-O 12.d4 Ba7 13.Bxe6+
Bxe6 14.Qxe6+ Kh8 15.O-O Nc6 16.Be3 Rae8 17.Qh3 Rd8 18.Ng5 1-0

[Event ""]
[Site ""]
[Date "????.??.??"]
[Round "4"]
[White "Ìèõàéëîâ Âÿ÷åñëàâ"]
[Black "Øêàëîâ Îëåã"]
[Result "0-1"]
[WhiteElo "2043"]
[BlackElo "2222"]
[Annotator ""]
[Source ""]
[Remark ""]

1.e4 Nc6 2.Nf3 d6 3.d4 Nf6 4.Nc3 g6 5.d5 Ne5 6.Nxe5 dxe5 7.Be2
e6 8.O-O exd5 9.exd5 Bg7 10.Bb5+ Nd7 11.f4 O-O 12.Be3 Qe7 13.f5
a6 14.Bxd7 Bxd7 15.f6 Bxf6 16.d6 Qe6 17.Nd5 Bd8 18.dxc7 Be7 19.b4
Bc6 20.c4 Rac8 21.Bc5 Bxc5+ 22.bxc5 f5 23.Qb3 e4 24.Rad1 Qe5
25.Kh1 f4 26.Qh3 g5 27.Qg4 Kh8 28.h4 e3 29.Rd3 Qe4 30.Rb3 Qxc4
31.Nxe3 Qxc5 32.Nd1 f3 33.gxf3 gxh4 34.Rg1 Rxc7 35.Rg2 Rd7 36.Nf2
Qe5 37.Rd3 Rdf7 38.Ne4 h3 39.Rg3 Bxe4 40.Re3 Rxf3 41.Rexf3 Bxf3+
42.Rxf3 Qe1+ 43.Kh2 Qe2+ 44.Kg3 Qxf3+ 0-1

[Event ""]
[Site ""]
[Date "????.??.??"]
[Round "4"]
[White "Ïîïåëûøåâ Èãîðü"]
[Black "Óëÿøåâ Íèêîëàé"]
[Result "1/2-1/2"]
[WhiteElo "2190"]
[BlackElo "2256"]
[Annotator ""]
[Source ""]
[Remark ""]

1.e4 e5 2.Nf3 Nc6 3.Bb5 a6 4.Bxc6 dxc6 5.d4 exd4 6.Qxd4 Qxd4
7.Nxd4 c5 8.Ne2 Nf6 9.Nbc3 Be6 10.Nf4 O-O-O 11.Nxe6 fxe6 12.Be3
Be7 13.f3 Rd7 14.Ke2 Rhd8 15.Rad1 b5 16.Rxd7 Rxd7 17.Rd1 Rxd1
18.Nxd1 Kd7 19.b3 Kc6 20.Bg5 c4 21.bxc4 bxc4 22.Nb2 Kb5 23.c3
Ba3 24.Nd1 Nd7 25.Be3 Bd6 26.f4 Ka4 27.Bc1 Ba3 28.Be3 Bc5 29.Bc1
Ba3 30.Be3 Nc5 31.Nf2 Nb7 32.Bd4 Bf8 33.Kd2 Ka3 34.Kc2 Kxa2 35.g4
Bc5 36.f5 exf5 37.exf5 Bxd4 38.cxd4 Nd6 39.Nd1 Ka3 40.Ne3 Ka4
41.g5 Kb5 42.f6 gxf6 43.gxf6 Kc6 44.Nxc4 Kd7 45.Ne3 Ke6 46.Kb3
Kxf6 47.Nd5+ Kf5 48.Nxc7 Ke4 49.Nxa6 Kxd4 1/2-1/2

[Event ""]
[Site ""]
[Date "????.??.??"]
[Round "4"]
[White "Äàâûäÿíö Ýäóàðä"]
[Black "Áðóÿöêèé Åâãåíèé"]
[Result "1-0"]
[WhiteElo "2034"]
[BlackElo "2168"]
[Annotator ""]
[Source ""]
[Remark ""]

1.e4 c5 2.Nf3 d6 3.d4 cxd4 4.Nxd4 Nf6 5.Nc3 g6 6.g3 Bg7 7.Bg2
O-O 8.O-O Qb6 9.Nde2 Bg4 10.h3 Bc8 11.Rb1 Nc6 12.Nf4 Be6 13.Be3
Qa5 14.Qd2 Rfc8 15.Nxe6 fxe6 16.f4 Rab8 17.g4 Kh8 18.g5 Nh5 19.Kh2
e5 20.f5 Nf4 21.Kh1 Nh5 22.Qf2 Nd4 23.Bf3 Nf4 24.Bg4 Rc4 25.Rbd1
Rf8 26.Bxd4 exd4 27.Qxf4 dxc3 28.b3 Be5 29.Qf3 Rc5 30.Qf2 Qb4
31.Rde1 Qb5 32.Qh4 Kg8 33.a4 Qe8 34.Rf3 e6 35.Ref1 exf5 36.exf5
Rc7 37.fxg6 Rxf3 38.Bxf3 Qxg6 39.Bd5+ Kg7 40.Qf2 Rc8 41.Qf3 h6
42.Be4 Qe8 43.Qf5 Qg8 44.Qg6+ 1-0

[Event ""]
[Site ""]
[Date "????.??.??"]
[Round "4"]
[White "Ãâàíöåëàäçå Àííà"]
[Black "Êîòîâ Äìèòðèé"]
[Result "1/2-1/2"]
[WhiteElo "2017"]
[BlackElo "2165"]
[Annotator ""]
[Source ""]
[Remark ""]

1.e4 c6 2.d4 d5 3.Nd2 dxe4 4.Nxe4 Nd7 5.Nf3 Ngf6 6.Ng3 e6 7.Bd3
Be7 8.O-O O-O 9.c3 b6 10.Qe2 Bb7 11.Ng5 g6 12.N5e4 Nxe4 13.Nxe4
Re8 14.Bf4 Nf6 15.Rad1 Nxe4 16.Bxe4 Bd6 17.Bxd6 Qxd6 18.f4 Rad8
19.h4 Qe7 20.h5 Qh4 21.hxg6 hxg6 22.Qf2 Qe7 23.Qe3 Kg7 24.Kf2
Rh8 25.Rh1 Rdg8 26.b4 a5 27.bxa5 bxa5 28.Rb1 Ba8 29.Bf3 f6 30.Rhe1
Re8 31.c4 Kf7 32.c5 Rb8 33.Be2 Rxb1 34.Rxb1 Bb7 35.Bc4 Bc8 36.Re1
Re8 37.Rh1 Rg8 38.g4 Qb7 39.Rh7+ Rg7 40.Rxg7+ Kxg7 41.Bxe6 1/2-1/2

[Event ""]
[Site ""]
[Date "????.??.??"]
[Round "4"]
[White "Òðîôèìîâ Âëàäèìèð"]
[Black "Ëàçàðåâ Àíàòîëèé"]
[Result "1-0"]
[WhiteElo "2141"]
[BlackElo "2133"]
[Annotator ""]
[Source ""]
[Remark ""]

1.c4 Nf6 2.Nc3 d5 3.cxd5 Nxd5 4.Nf3 g6 5.g3 Bg7 6.Bg2 O-O 7.O-O
c6 8.d4 h6 9.e4 Nb6 10.Qc2 Na6 11.Rb1 Be6 12.b3 Qc8 13.Be3 Bh3
14.Rbc1 Bxg2 15.Kxg2 Kh7 16.Rfe1 f5 17.h3 Nb4 18.Qb1 fxe4 19.Nh4
Nd3 20.Nxe4 Nxe1+ 21.Rxe1 Qe8 22.Bxh6 Rd8 23.Bxg7 Kxg7 24.Ng5
Rf6 25.Ne6+ Kf7 26.Nxd8+ Qxd8 27.Qe4 Nd5 28.Nf3 Qa5 29.Ne5+ Kg7
30.Ng4 Rf7 31.Qe5+ Kh7 32.Re2 Qc3 33.Qe4 Qb4 34.h4 Qd6 35.h5
Rg7 36.Ne5 Nc3 37.hxg6+ Kg8 38.Qg4 e6 39.Re1 Qd5+ 40.Nf3 Kf8
41.Rxe6 Rd7 42.Qf4+ Kg7 43.Qf6+ 1-0

[Event ""]
[Site ""]
[Date "????.??.??"]
[Round "4"]
[White "Àðàêåëîâ Èëüÿ"]
[Black "Äåðáåíöåâà Èðèíà"]
[Result "0-1"]
[WhiteElo "2369"]
[BlackElo "2053"]
[Annotator ""]
[Source ""]
[Remark ""]

1.d4 Nf6 2.c4 e6 3.Nf3 b6 4.g3 d5 5.Nc3 Ba6 6.cxd5 Nxd5 7.e4
Nxc3 8.bxc3 Bxf1 9.Kxf1 Be7 10.Kg2 O-O 11.c4 Nd7 12.Bb2 c6 13.h4
Qc7 14.Rc1 Rac8 15.Qe2 Qb7 16.Rc2 Rfe8 17.Rd1 Qa6 18.Ba1 Qa4
19.h5 h6 20.e5 b5 21.c5 Nb8 22.Rb1 Na6 23.Bc3 Nc7 24.Rb3 Nd5
25.Bd2 a5 26.Qd3 b4 27.Nh2 Rc7 28.Ng4 Bf8 29.f4 Rb7 30.f5 exf5
31.Qxf5 Qb5 32.Rf3 a4 33.Bc1 b3 34.axb3 axb3 35.Rcf2 Qc4 36.Bb2
Qa4 37.Nh2 Qa8 38.g4 Qc8 39.Qd3 Qe6 40.Kg3 Ra8 41.Qd1 Rab8 42.Nf1
f6 43.Re2 Re8 44.Rxb3 Rxb3+ 45.Qxb3 fxe5 46.Rxe5 Qd7 47.Rxe8
Qxe8 48.Qf3 Qb8+ 49.Kh3 Qxb2 50.Qe4 Qf2 0-1

[Event ""]
[Site ""]
[Date "????.??.??"]
[Round "4"]
[White "Ìûøêèí Íèêèòà"]
[Black "Òóðêèí Âèêòîð"]
[Result "1-0"]
[WhiteElo "2050"]
[BlackElo "2292"]
[Annotator ""]
[Source ""]
[Remark ""]

1.d4 Nf6 2.Nf3 e6 3.c4 b6 4.Nc3 Bb7 5.Bg5 Be7 6.e3 c5 7.Be2 cxd4
8.exd4 O-O 9.O-O d5 10.Ne5 dxc4 11.Nxc4 Na6 12.Ne3 Nb4 13.Rc1
h6 14.Bh4 Nbd5 15.Bf3 Qd7 16.Re1 Rfd8 17.Nc4 Nxc3 18.bxc3 Bxf3
19.Qxf3 Rac8 20.Ne5 Qd5 21.Qh3 Qxa2 22.Ra1 Qb3 23.Re3 Nd5 24.Rg3
Bxh4 25.Qxh4 Nxc3 26.Qg4 g5 27.h4 f6 28.hxg5 fxg5 29.Qh5 Rc7
30.Re1 Rxd4 31.Qxh6 Rg7 32.Rxg5 Rxg5 33.Qxg5+ Kf8 34.Qf6+ Ke8
35.Qf7+ 1-0

[Event ""]
[Site ""]
[Date "????.??.??"]
[Round "4"]
[White "Àíèñèìîâ Íèêîëàé"]
[Black "Áóõàðèí Àíòîí"]
[Result "1/2-1/2"]
[WhiteElo "2257"]
[BlackElo "2033"]
[Annotator ""]
[Source ""]
[Remark ""]

1.e4 c6 2.d4 d5 3.Nc3 dxe4 4.Nxe4 Bf5 5.Ng3 Bg6 6.Nf3 Nf6 7.Ne5
Nbd7 8.Nxg6 hxg6 9.Bc4 Qc7 10.O-O e6 11.h3 a6 12.c3 c5 13.Bd3
Bd6 14.Ne4 Nxe4 15.Bxe4 Nf6 16.Bf3 cxd4 1/2-1/2

[Event ""]
[Site ""]
[Date "????.??.??"]
[Round "4"]
[White "Þãèíà Ìàðèÿ"]
[Black "Óëÿøîâ Äìèòðèé"]
[Result "0-1"]
[WhiteElo "2005"]
[BlackElo "2256"]
[Annotator ""]
[Source ""]
[Remark ""]

1.d4 Nf6 2.Nf3 e6 3.c4 b6 4.a3 Bb7 5.Nc3 Be7 6.Bg5 O-O 7.e3 c5
8.Be2 cxd4 9.exd4 d5 10.O-O Nbd7 11.Ne5 dxc4 12.Nxc4 Nd5 13.Be3
Nxc3 14.bxc3 Rc8 15.Bd2 Nf6 16.Ne5 Ne4 17.Qc1 Bd6 18.Nf3 Qc7
19.c4 Nxd2 20.Qxd2 Bxf3 21.gxf3 Bxh2+ 22.Kg2 Bf4 23.Qc2 Qd8 24.Rh1
Qg5+ 25.Kf1 g6 26.Qe4 Rfd8 27.Rd1 Rc7 28.Rg1 Qf6 29.Rg4 Bh6 30.d5
Rcd7 31.f4 Bf8 32.a4 Bc5 33.Bf3 exd5 34.cxd5 Qc3 35.f5 Re7 36.Qd3
Re1+ 37.Kg2 Qxd3 38.Rxd3 Ra1 39.fxg6 hxg6 40.Rd2 Kg7 41.Rc4 f5
42.Bd1 Kf6 43.Rh4 a5 44.Rh7 Bb4 45.Rd3 Ra2 46.Bb3 Rb2 47.Rc7
Rd6 48.Rc2 Rxc2 49.Bxc2 Ke5 50.Bb3 g5 51.Re3+ Kd4 52.Re8 Bc5
53.Ba2 Kc3 54.Re5 Rf6 55.Bb1 Kb3 56.Bxf5 Kxa4 57.Bd7+ Kb3 58.f3
a4 59.Re2 a3 60.Be6 a2 61.Re1 Bd4 62.d6+ Rxe6 63.d7 Rd6 0-1

[Event ""]
[Site ""]
[Date "????.??.??"]
[Round "4"]
[White "Íåôåäîâ Ñåðãåé"]
[Black "Ñêóðàòîâè÷ ßêîâ"]
[Result "1/2-1/2"]
[WhiteElo "2170"]
[BlackElo "1990"]
[Annotator ""]
[Source ""]
[Remark ""]

1.Nf3 Nf6 2.c4 g6 3.g3 Bg7 4.Bg2 d6 5.O-O O-O 6.Nc3 e5 7.d4 Nc6
8.e3 exd4 9.Nxd4 Ne5 10.b3 c6 11.h3 Ned7 12.Ba3 Qa5 13.Qc1 c5
14.Nde2 a6 15.Bb2 Rb8 16.Rd1 Qc7 17.Qd2 Ne8 18.Nd5 Qd8 19.Bxg7
Kxg7 20.Nec3 Ne5 21.f4 Nc6 22.Ne4 f5 23.Qc3+ Kg8 24.Ng5 h6 25.Nf3
Be6 26.Rd2 Bxd5 27.Rxd5 Nf6 28.Rdd1 Qe7 29.Nd2 Rfe8 30.Re1 Ne4
31.Nxe4 fxe4 32.a3 b5 33.Qc2 Qe6 34.Bf1 Kh7 35.Red1 Ne7 36.Rab1
g5 37.Qf2 Rf8 38.Kh2 gxf4 39.gxf4 Rg8 40.Be2 Qf6 41.Rg1 Rxg1
42.Rxg1 bxc4 43.bxc4 Rb2 44.Qg2 Qg6 45.Qf1 1/2-1/2

[Event ""]
[Site ""]
[Date "????.??.??"]
[Round "4"]
[White "Äàãàåâ Äìèòðèé"]
[Black "Ñîòíèêîâ Ìàêñèì"]
[Result "0-1"]
[WhiteElo "2156"]
[BlackElo "1979"]
[Annotator ""]
[Source ""]
[Remark ""]

1.e4 c5 2.c4 Nc6 3.Nc3 g6 4.g3 Bg7 5.Bg2 Nf6 6.d3 d6 7.Nge2 a6
8.O-O Rb8 9.a4 Bd7 10.f4 O-O 11.h3 Ne8 12.f5 Nd4 13.Nxd4 Bxd4+
14.Kh2 Bg7 15.Bg5 Nf6 16.Qd2 Re8 17.Rae1 Bc6 18.fxg6 hxg6 19.b3
Qd7 20.Qf4 Qe6 21.Nd5 Bxd5 22.exd5 Qd7 23.Bxf6 exf6 24.d4 b6
25.a5 Rxe1 26.Rxe1 f5 27.dxc5 bxc5 28.Qe3 Be5 29.h4 Qd8 30.Rf1
Qxh4+ 31.Bh3 Qd8 32.Kg2 Qxa5 33.Bxf5 Qa2+ 34.Rf2 Qxb3 35.Qg5
Qxg3+ 36.Qxg3 Bxg3 37.Kxg3 gxf5 38.Rxf5 Kg7 0-1

[Event ""]
[Site ""]
[Date "????.??.??"]
[Round "4"]
[White "Ãàíè÷åâ Àëåêñàíäð"]
[Black "Êàçåííîâà Äàðüÿ"]
[Result "1-0"]
[WhiteElo "2154"]
[BlackElo "1946"]
[Annotator ""]
[Source ""]
[Remark ""]

1.e4 e5 2.Nf3 Nc6 3.Bb5 a6 4.Ba4 Nf6 5.Qe2 b5 6.Bb3 Be7 7.c3
O-O 8.d4 exd4 9.e5 Ne8 10.cxd4 Na5 11.Bc2 c5 12.Qe4 g6 13.Qxa8
Nc6 14.d5 Nc7 15.Qxc8 Qxc8 16.dxc6 dxc6 17.O-O f6 18.Bh6 Rd8
19.Nc3 fxe5 20.Nxe5 Nd5 21.Be4 Bf6 22.Nxc6 Nxc3 23.bxc3 Rd6 24.Rfe1
Rxc6 25.Bd5+ Kh8 26.Bf7 Bxc3 27.Re8+ Qxe8 28.Bxe8 Re6 29.Bf7
Bxa1 30.Bxe6 c4 31.Kf1 c3 32.Ke2 a5 33.Kd3 b4 34.Kc2 Bb2 35.Bb3
Ba3 36.g4 Bb2 37.f4 1-0

[Event ""]
[Site ""]
[Date "????.??.??"]
[Round "4"]
[White "Ëàãàøèí Ïàâåë"]
[Black "Óðàåâ Èâàí"]
[Result "0-1"]
[WhiteElo "1986"]
[BlackElo "2150"]
[Annotator ""]
[Source ""]
[Remark ""]

1.d4 Nf6 2.c4 c5 3.Nf3 e6 4.g3 b6 5.Bg2 Bb7 6.O-O d6 7.Nc3 a6
8.a4 cxd4 9.Nxd4 Bxg2 10.Kxg2 Qc7 11.Qd3 Nbd7 12.e4 Ne5 13.Qc2
Qxc4 14.Rd1 Rc8 15.f4 Nc6 16.Be3 Be7 17.Rac1 O-O 18.h3 Nxd4 19.Rxd4
Qc6 20.Qd3 Qb7 21.g4 d5 22.b4 a5 23.bxa5 bxa5 24.Rb1 Qc6 25.Rc1
Qa8 26.e5 Nd7 27.Qb5 Nc5 28.Qb6 Rb8 29.Qc7 Rb7 30.Qc6 Rb2+ 0-1

[Event ""]
[Site ""]
[Date "????.??.??"]
[Round "4"]
[White "Ìàòâååâ Âëàäèìèð"]
[Black "Ðàêîâ Ìèõàèë"]
[Result "1/2-1/2"]
[WhiteElo "2110"]
[BlackElo "1912"]
[Annotator ""]
[Source ""]
[Remark ""]

1.d4 Nf6 2.c4 e6 3.Nc3 d5 4.cxd5 exd5 5.Bg5 Be7 6.e3 O-O 7.Bd3
c6 8.Qc2 h6 9.Bh4 Re8 10.Nf3 Ne4 11.Bxe7 Qxe7 12.O-O Nd7 13.b4
Qxb4 14.Nxe4 dxe4 15.Bxe4 Nf6 16.Bd3 Qe7 17.Ne5 Ng4 18.Nxg4 Bxg4
19.a4 Rac8 20.Rfb1 b6 21.a5 c5 22.d5 Qe5 23.Qc4 Bd7 24.axb6 axb6
25.Ra7 Qd6 26.Qa6 Rb8 27.Rxd7 Qxd7 28.Bb5 Qxd5 29.Bxe8 Rxe8 30.Qxb6
c4 31.Qb5 Qe4 32.Rc1 Rc8 33.Qb4 Qd3 34.Qc3 Qd5 35.h3 Rc6 36.g3
Qd7 37.Kh2 Rc5 38.Rc2 Rh5 39.h4 Rc5 40.Qd4 Qc7 41.Rc3 Rf5 42.e4
Rc5 1/2-1/2

[Event ""]
[Site ""]
[Date "????.??.??"]
[Round "4"]
[White "ßíîâñêàÿ Îëåñÿ"]
[Black "Ìóëåíêî Àëåêñàíäð"]
[Result "0-1"]
[WhiteElo "1935"]
[BlackElo "2201"]
[Annotator ""]
[Source ""]
[Remark ""]

1.e4 c5 2.Nc3 g6 3.f4 Bg7 4.Nf3 Nc6 5.Bb5 Na5 6.O-O a6 7.Be2
Nc6 8.f5 d6 9.d3 gxf5 10.Qe1 Nd4 11.Bd1 e6 12.exf5 Nxf5 13.Ng5
Nge7 14.Bh5 Bd4+ 15.Kh1 O-O 16.g4 Nh6 17.Qh4 Ng6 18.Qh3 Bg7 19.Be3
Bd7 20.Bxg6 fxg6 21.Rxf8+ Qxf8 22.Rf1 Qc8 23.Nce4 0-1

[Event ""]
[Site ""]
[Date "????.??.??"]
[Round "4"]
[White "Ãàðãîëèí Ïàâåë"]
[Black "Êàðàòàåâ Îëåã"]
[Result "1-0"]
[WhiteElo "2111"]
[BlackElo "1932"]
[Annotator ""]
[Source ""]
[Remark ""]

1.e4 e6 2.d4 d5 3.Nd2 Nf6 4.e5 Nfd7 5.Bd3 c5 6.c3 Nc6 7.Ne2 cxd4
8.cxd4 f6 9.Nf4 Qe7 10.Nf3 fxe5 11.Nxe5 Ndxe5 12.dxe5 Nxe5 13.Qh5+
Nf7 14.O-O g6 15.Qe2 Bg7 16.Bb5+ Kf8 17.Re1 Be5 18.Nd3 Bf6 19.Bd2
a5 20.Nf4 Be5 21.Qf3 Bxf4 22.Qxf4 e5 23.Qg3 Bd7 24.Bd3 Qf6 25.Rad1
Kg7 26.Bc3 Rhe8 27.h4 d4 28.h5 1-0

[Event ""]
[Site ""]
[Date "????.??.??"]
[Round "4"]
[White "Íèêèòèí Àëåêñàíäð"]
[Black "Ëîçáåíåâ Ïàâåë"]
[Result "1-0"]
[WhiteElo "1932"]
[BlackElo "2073"]
[Annotator ""]
[Source ""]
[Remark ""]

1.e4 e6 2.d4 d5 3.Nd2 Nf6 4.e5 Nfd7 5.Bd3 c5 6.c3 b6 7.Ne2 Ba6
8.Bxa6 Nxa6 9.O-O Be7 10.f4 f5 11.exf6 Nxf6 12.Qa4+ 1-0